000 00607nam a2200205Ia 4500
003 BUBTL
008 151213s9999 xx 000 0 und d
020 _a0-471-16504-2
082 _a658.84 / ELM
100 _aEllsworth, Jill H.
_92589
245 _aMarketing on the Internet /
_cJill H. Ellsworth, Matthew V. Ellsworth
250 _a2nd ed.
260 _aNew York :
_bJohn wiley,
_cc1997.
300 _axxxi, 428 p. :
_bill. ;
_c23 cm.
650 _aMarketing
_92591
700 _aEllsworth, Matthew V.
_92590
856 _k0
_l0
_yDownload
942 _2ddc
_cBK
999 _c1788
_d1788